[Event "San Sebastian op 31st"]
[Site "San Sebastian"]
[Date "2008.03.19"]
[Round "4"]
[White "Arranz Martin, Pablo A"]
[Black "Garro Beraza, Haritz"]
[Result "1-0"]
[WhiteElo "2047"]
[BlackElo "1944"]
[PlyCount "87"]
[EventDate "2008.03.16"]
[EventType "swiss"]
[EventRounds "9"]
[EventCountry "ESP"]
[SourceTitle "CBM 123 Extra"]
[Source "ChessBase"]
[SourceDate "2008.05.06"]
[SourceVersion "1"]
[SourceVersionDate "2008.05.06"]
[SourceQuality "1"]

1. d4 Nf6 2. e3 g6 3. Bd3 Bg7 4. f4 0-0 5. Nf3 d6 6. 0-0 Nbd7 7. e4 e5 8. fxe5 dxe5 9. d5 Qe7 10. b3 Re8 11. Ba3 Qd8 12. c4 c6 13. Nc3 Bh6 14. Kh1 Qa5 15. Bb2 cxd5 16. cxd5 a6 17. Qe1 Nc5 18. Bc2 Bg7 19. a3 Qc7 20. b4 Ncd7 21. Bb3 Qd6 22. Rc1 Nh5 23. Qe3 Ndf6 24. Ba4 Rd8 25. Ne2 Ng4 26. Qc5 f5 27. exf5 Bxf5 28. Qxd6 Rxd6 29. Rc7 b5 30. Bb3 Bd3 31. Re1 Rf8 32. h3 e4 33. Bxg7 Nxg7 34. Ng5 Nf2+ 35. Kg1 Bc4 36. Bxc4 bxc4 37. Nc3 Ne8 38. Rc6 Rxc6 39. dxc6 Rf6 40. Nd5 Nxh3+ 41. gxh3 Rd6 42. Rxe4 Kf8 43. Nxh7+ Kf7 44. Re7+ 1-0

[Event "San Sebastian op 31st"]
[Site "San Sebastian"]
[Date "2008.03.17"]
[Round "2"]
[White "Arranz Martin, Pablo A"]
[Black "Lafuente, Pablo"]
[Result "0-1"]
[WhiteElo "2047"]
[BlackElo "2489"]
[PlyCount "96"]
[EventDate "2008.03.16"]
[EventType "swiss"]
[EventRounds "9"]
[EventCountry "ESP"]
[SourceTitle "CBM 123 Extra"]
[Source "ChessBase"]
[SourceDate "2008.05.06"]
[SourceVersion "1"]
[SourceVersionDate "2008.05.06"]
[SourceQuality "1"]

1. d4 Nf6 2. e3 g6 3. Bd3 Bg7 4. f4 0-0 5. Nf3 d6 6. 0-0 c5 7. c3 Nc6 8. d5 Nxd5 9. Bxg6 hxg6 10. Qxd5 Be6 11. Qg5 Bc4 12. Rf2 e5 13. Nbd2 Qxg5 14. fxg5 Bd3 15. e4 f5 16. gxf6 Rxf6 17. Ne1 Rxf2 18. Kxf2 Rf8+ 19. Kg3 Be2 20. Ndf3 Nd8 21. Be3 Ne6 22. Kf2 Bb5 23. Rd1 Rd8 24. Ng5 Nc7 25. Bxc5 Rf8+ 26. Nef3 dxc5 27. c4 Bc6 28. Rd6 Bf6 29. Ke3 Kg7 30. g3 Rd8 31. Rxd8 Bxd8 32. h4 Bf6 33. Nh3 Ne6 34. Nf2 Nd4 35. Ng4 Nxf3 36. Kxf3 Kf7 37. Nf2 Ke6 38. b3 b5 39. Kg4 Kd6 40. Kh3 bxc4 41. bxc4 Bd7+ 42. g4 Be6 43. Kg3 Bxc4 44. g5 Be7 45. Nd1 Bxa2 46. Nc3 Be6 47. Nb5+ Kc6 48. Nxa7+ Kb6 0-1